ARRUPE JESUIT UNIVERSITY

CORONAVIRUS -STOP THE SPREAD - CLEAN,DISINFECT,COVER

African theology comes of age: (Record no. 5557)

MARC details
000 -LEADER
fixed length control field 00587nam a2200157Ia 4500
003 - CONTROL NUMBER IDENTIFIER
control field 0100
008 - FIXED-LENGTH DATA ELEMENTS--GENERAL INFORMATION
fixed length control field 130227s9999 xx 000 0 und d
040 ## - CATALOGING SOURCE
Transcribing agency ARRUPELIB
050 ## - LIBRARY OF CONGRESS CALL NUMBER
Classification number BT30.A4258 2010
100 ## - MAIN ENTRY--PERSONAL NAME
Personal name Magesa, Laurenti (ed.)
9 (RLIN) 14574
245 ## - TITLE STATEMENT
Title African theology comes of age:
Remainder of title Revisiting twenty years of the theology of the Ecumenical Symposium of Eastern Africa Theologians (ESEAT)/
Statement of responsibility, etc edited by Laurenti Magesa.
260 ## - PUBLICATION, DISTRIBUTION, ETC. (IMPRINT)
Place of publication, distribution, etc Nairobi:
Name of publisher, distributor, etc Paulines Publications Africa,
Date of publication, distribution, etc 2010.
300 ## - PHYSICAL DESCRIPTION
Extent 176p.
Dimensions 21 cm.
650 ## - SUBJECT ADDED ENTRY--TOPICAL TERM
Topical term following geographic name as entry element Theology, Doctrinal
Geographic subdivision Africa
9 (RLIN) 8574
942 ## - ADDED ENTRY ELEMENTS (KOHA)
Source of classification or shelving scheme Library of Congress Classification
Item type Monograph ( Printed materials)
Holdings
Withdrawn status Lost status Source of classification or shelving scheme Damaged status Not for loan Collection code Home library Current library Shelving location Date acquired Total Checkouts Full call number Barcode Checked out Date last seen Date last borrowed Copy number Price effective from Koha item type
    Library of Congress Classification     Main Collection ARRUPE LIBRARY ARRUPE LIBRARY   27/02/2013 8 BT30.A4258 2010 46407270 28/08/2016 29/07/2016 29/07/2016 1 27/02/2013 Monograph ( Printed materials)
    Library of Congress Classification     Main Collection ARRUPE LIBRARY ARRUPE LIBRARY Main Collection 08/01/2015   BT30.A4258 2010 46500003407   07/12/2017     08/01/2015 Monograph ( Printed materials)

 

Arrupe Library. PO Box MP320 Mt Pleasant, Harare, Zimbabwe
263 242 745411|librarian@aju.ac.zw